000 00709nam a2200181 a 4500
008 081113s2007 ||||||||||||||||| || u
050 _aIBRD(08)
100 _aParsons, Christopher R
245 1 0 _aQuantifying international migration: a database of bilateral migrant stocks
260 _aWashington, D. C.
_bWorld Bank
_c2007
300 _a41p. :ill.
350 _a0.00
490 _aPolicy Research Working Paper
650 _aBILATERAL STOCK DATA--RESEARCH
650 _aMIGRATION DATA--RESEARCH
700 _a[and others]
995 _D0.00
_FCBU-MAIN LIBRARY (Kitwe)
_H1
_I0.00
_M1
_UAVAILABLE
_WNov 13, 2008
_ZInternational Publications
999 _c55423
_d55423